Visualizzazione normale
Vista MARC
- Tettoni Ferdinando
di Personal Name
Records bibliografici associati: 1
001 - CONTROL NUMBER
- control field: 3059
003 - CONTROL NUMBER IDENTIFIER
- control field: IT-RoPau
005 - DATE AND TIME OF LATEST TRANSACTION
- control field: 20131122180059.0
008 - FIXED-LENGTH DATA ELEMENTS
- fixed length control field: 131122|| aca||aabn | a|a d
040 ## - CATALOGING SOURCE
- Original cataloging agency: IT-RoPau
- Transcribing agency: IT-RoPau
100 ## - HEADING--PERSONAL NAME
- Personal name: Tettoni Ferdinando
- Miscellaneous information: Codice autore musica SPICS: 13515
- Relator term: Autore musica
- Name of part/section of a work: Nebbia
670 ## - SOURCE DATA FOUND
- Source citation: Work cat.: (IT-RoPau)100128: AA.VV. 794, Trio Lescano (Il)-Disco